[Event "Paris-ch op"]
[Site "Paris"]
[Date "1990.??.??"]
[Round "?"]
[White "Apicella, Manuel"]
[Black "Adorjan, Andras"]
[Result "1/2-1/2"]
[WhiteElo "2390"]
[BlackElo "2520"]
[PlyCount "83"]
[EventDate "1990.05.??"]
[EventType "swiss"]
[EventRounds "9"]
[EventCountry "FRA"]
[Source "ChessBase"]
[SourceDate "1996.11.15"]
[WhiteTeamCountry "GER"]
[BlackTeamCountry "GER"]

1. e4 c5 2. Nf3 e6 3. d4 cxd4 4. Nxd4 Nf6 5. Nc3 d6 6. Be2 Be7 7. O-O O-O 8.
Be3 a6 9. f4 Qc7 10. a4 b6 11. Kh1 Bb7 12. Bd3 Nbd7 13. Qe2 Nc5 14. Bg1 Rac8
15. Rae1 Qd7 16. Nf3 Nxd3 17. cxd3 b5 18. axb5 axb5 19. Qd2 Ra8 20. Ra1 Rfc8
21. Nd4 b4 22. Na2 e5 23. Nf5 Bf8 24. Nxb4 Rxa1 25. Rxa1 d5 26. fxe5 dxe4 27.
Rf1 Ne8 28. d4 Qb5 29. Qf4 Qxb4 30. Qg4 Kh8 31. d5 e3 32. Rf4 Qxb2 33. Nxe3
Qxe5 34. Rxf7 Nf6 35. Qxc8 Bxc8 36. Rxf8+ Ng8 37. Rxc8 h6 38. Rc1 Nf6 39. Rd1
Ne4 40. Rf1 Qh5 41. Rf3 Kh7 42. h3 1/2-1/2

[Event "Paris-ch op"]
[Site "Paris"]
[Date "1990.??.??"]
[Round "?"]
[White "Beran, Josef"]
[Black "Adorjan, Andras"]
[Result "0-1"]
[WhiteElo "2270"]
[BlackElo "2520"]
[PlyCount "70"]
[EventDate "1990.05.??"]
[EventType "swiss"]
[EventRounds "9"]
[EventCountry "FRA"]
[Source "ChessBase"]
[SourceDate "1996.11.15"]
[WhiteTeamCountry "GER"]
[BlackTeamCountry "GER"]

1. e4 c5 2. Nf3 e6 3. d4 cxd4 4. Nxd4 Nf6 5. Nc3 d6 6. Be2 Be7 7. O-O O-O 8. f4
Qb6 9. Kh1 Nc6 10. Nb3 Qc7 11. Bf3 a6 12. a4 b6 13. Nd4 Bb7 14. Nxc6 Bxc6 15.
Qe2 Qb7 16. e5 Nd7 17. exd6 Bxd6 18. Ne4 Be7 19. b3 Nf6 20. Nxf6+ Bxf6 21. Ra2
b5 22. axb5 axb5 23. Rxa8 Rxa8 24. Be3 Ra2 25. Qd3 Bxf3 26. Rxf3 Qd5 27. Qe2
Qxb3 28. cxb3 Rxe2 29. g3 g6 30. Bc5 Rd2 31. b4 Bd4 32. Be7 f6 33. Ra3 e5 34.
fxe5 fxe5 35. Bg5 Rb2 0-1

[Event "Paris-ch op"]
[Site "Paris"]
[Date "1990.??.??"]
[Round "?"]
[White "Stempin, Pawel"]
[Black "Adorjan, Andras"]
[Result "1/2-1/2"]
[WhiteElo "2445"]
[BlackElo "2520"]
[PlyCount "30"]
[EventDate "1990.05.??"]
[EventType "swiss"]
[EventRounds "9"]
[EventCountry "FRA"]
[Source "ChessBase"]
[SourceDate "1996.11.15"]
[WhiteTeamCountry "GER"]
[BlackTeamCountry "GER"]

1. d4 Nf6 2. Nf3 e6 3. Bg5 c5 4. e3 Be7 5. Nbd2 b6 6. c3 Bb7 7. Bd3 Nc6 8. O-O
O-O 9. Re1 cxd4 10. cxd4 Rc8 11. a3 Nd5 12. Bxe7 Ncxe7 13. Nc4 Qc7 14. Rc1 Nf6
15. Ncd2 Qb8 1/2-1/2

[Event "Debrecen"]
[Site "Debrecen"]
[Date "1990.??.??"]
[Round "3"]
[White "Adorjan, Andras"]
[Black "Chernin, Alexander"]
[Result "1-0"]
[WhiteElo "2520"]
[BlackElo "2600"]
[Annotator "Ftacnik,L"]
[PlyCount "43"]
[EventDate "1990.06.??"]
[EventType "tourn"]
[EventRounds "11"]
[EventCountry "HUN"]
[EventCategory "13"]
[Source "ChessBase"]
[SourceDate "1991.02.01"]
[WhiteTeamCountry "GER"]
[BlackTeamCountry "GER"]

1. c4 Nf6 2. Nc3 e6 3. Nf3 d5 4. d4 dxc4 5. e4 Bb4 6. Bg5 c5 7. Bxc4 cxd4 8.
Nxd4 Bxc3+ 9. bxc3 Qa5 10. Bb5+ Nbd7 11. Bxf6 Qxc3+ 12. Kf1 gxf6 13. h4 $1 (13.
Rc1 Qb4 14. h4 a6 15. Be2 O-O {
1/4-1/4/Smejkal-Chernin/Altensteig/1990/   ->CBM 20}) (13. Nxe6 $2 Qe5 14. Ng7+
Kf8 $17 {Lobron,E-Polgar,Zu/Dortmund/1990/  ->CBM 18}) 13... Ke7 (13... a6) 14.
Rh3 Qa5 15. Rb1 Rd8 16. Qc1 Ne5 $2 (16... Qb6 $5) 17. Qc5+ Rd6 18. Rd1 Qb6 (
18... Qd8 19. f4 $1) 19. Nc6+ $1 bxc6 20. Qxd6+ Ke8 21. Rg3 Qxb5+ 22. Kg1 {
Ftacnik,L} 1-0

[Event "Debrecen"]
[Site "Debrecen"]
[Date "1990.??.??"]
[Round "5"]
[White "Adorjan, Andras"]
[Black "Wojtkiewicz, Aleksander"]
[Result "0-1"]
[WhiteElo "2520"]
[BlackElo "2550"]
[Annotator "Ribli"]
[PlyCount "121"]
[EventDate "1990.06.??"]
[EventType "tourn"]
[EventRounds "11"]
[EventCountry "HUN"]
[EventCategory "13"]
[Source "ChessBase"]
[SourceDate "1991.02.01"]
[WhiteTeamCountry "GER"]
[BlackTeamCountry "GER"]

1. c4 c5 2. Nf3 Nf6 3. Nc3 Nc6 4. d4 cxd4 5. Nxd4 Qb6 6. e3 g6 7. Be2 Bg7 8.
O-O O-O 9. Nb3 (9. b3 Rd8 10. Bb2 d5 {
Keitlinghaus,L-Mainka,R  Prague Bohemians-A 1990  CBM/17}) 9... d6 10. e4 Qd8
11. Be3 Be6 12. f3 Nd7 13. Qd2 a5 $1 14. Rac1 a4 15. Nd4 Nxd4 16. Bxd4 Bxd4+
17. Qxd4 Qb6 $1 18. Qxb6 Nxb6 19. Nd5 Bxd5 20. cxd5 Rfc8 21. Kf2 Kf8 22. Rfd1
Kg7 23. g3 f5 24. Ke3 Kf6 25. Kd4 Nd7 26. f4 Rxc1 27. Rxc1 fxe4 28. Kxe4 Nc5+
29. Kd4 Rc8 30. Rc3 h5 31. Rc4 Ra8 32. Rb4 Kf5 33. Ke3 Kf6 34. Bd1 $14 Ra5 35.
Bc2 Ra8 36. h3 Ra5 37. Kf3 Ra8 38. Rb5 Ra7 39. Ke3 Ra8 40. Kd4 Ra7 41. g4 hxg4
42. hxg4 Ra8 43. b4 axb3 44. axb3 Rb8 45. g5+ Kf7 46. Bd1 Na6 47. Rb6 Nc5 48.
Be2 Nd7 49. Rb4 Nc5 50. Rb5 Na6 51. Ra5 Nc5 52. Ra3 Kg7 53. Bb5 Rf8 $1 54. Ke3
Rh8 55. Be2 Rh3+ 56. Bf3 Nd3 57. Ra1 Nb4 58. Ra5 Nc2+ 59. Ke4 Ne1 60. Bd1 Rd3
61. Ra2 $2 0-1

[Event "Debrecen"]
[Site "Debrecen"]
[Date "1990.??.??"]
[Round "6"]
[White "Kindermann, Stefan"]
[Black "Adorjan, Andras"]
[Result "1-0"]
[WhiteElo "2560"]
[BlackElo "2520"]
[PlyCount "139"]
[EventDate "1990.06.??"]
[EventType "tourn"]
[EventRounds "11"]
[EventCountry "HUN"]
[EventCategory "13"]
[Source "ChessBase"]
[SourceDate "1991.02.01"]
[WhiteTeamCountry "GER"]
[BlackTeamCountry "GER"]

1. e4 c5 2. Nf3 e6 3. d4 cxd4 4. Nxd4 Nf6 5. Nc3 d6 6. g3 Nc6 7. Bg2 Bd7 8. O-O
Be7 9. Nxc6 Bxc6 10. a4 O-O 11. Be3 Qc7 12. Qe2 b6 13. Rfd1 a6 14. Bf4 Rfd8 15.
e5 Ne8 16. Rd2 Bxg2 17. Kxg2 Qc6+ 18. Qf3 Qxf3+ 19. Kxf3 dxe5 20. Rxd8 Rxd8 21.
Bxe5 Rd2 22. Rc1 Bg5 23. Na2 h6 24. h4 Be7 25. Bc3 Rd7 26. Nb4 Nc7 27. Nc6 Bf8
28. Ke2 Rd6 29. Ne5 b5 30. axb5 Nxb5 31. Be1 Nd4+ 32. Kf1 Rd5 33. Nc4 e5 34.
Ne3 Rb5 35. Bc3 a5 36. Ra1 Nc6 37. Rd1 Nd4 38. Nc4 Nc6 39. Rd7 Bb4 40. Be1 Rc5
41. Ne3 Rb5 42. b3 Bxe1 43. Kxe1 Nd4 44. Kd2 f5 45. Kd3 Rc5 46. Nc4 Nc6 47. Kc3
Rb5 48. Rc7 Nd4 49. Rc8+ Kh7 50. Ra8 Nc6 51. Rc8 Nd4 52. Ra8 Nc6 53. h5 Rd5 54.
Rc8 Nd4 55. Ra8 Nc6 56. Rc8 Nd4 57. Ne3 Rd6 58. Ra8 f4 59. Nc4 fxg3 60. fxg3
Rd5 61. Rxa5 Ne2+ 62. Kb4 Rd4 63. Rxe5 Nxg3 64. Kc5 Rh4 65. Nd6 Nxh5 66. c4 g5
67. b4 g4 68. Nf5 Rh2 69. b5 Rb2 70. Re6 1-0

[Event "Debrecen"]
[Site "Debrecen"]
[Date "1990.??.??"]
[Round "8"]
[White "Adorjan, Andras"]
[Black "Romanishin, Oleg"]
[Result "0-1"]
[WhiteElo "2520"]
[BlackElo "2525"]
[PlyCount "94"]
[EventDate "1990.06.??"]
[EventType "tourn"]
[EventRounds "11"]
[EventCountry "HUN"]
[EventCategory "13"]
[Source "ChessBase"]
[SourceDate "1991.02.01"]
[WhiteTeamCountry "GER"]
[BlackTeamCountry "GER"]

1. d4 Nf6 2. Nf3 e6 3. c4 c5 4. d5 d6 5. Nc3 exd5 6. cxd5 g6 7. g3 Bg7 8. Bg2
O-O 9. O-O Re8 10. Bf4 Na6 11. Re1 Bg4 12. h3 Bxf3 13. Bxf3 Qd7 14. e4 Rad8 15.
Kg2 c4 16. Be3 Nb4 17. Bxa7 Nd3 18. Re2 b5 19. Bd4 h5 20. a4 Nh7 21. Nxb5 Ng5
22. Re3 Qxh3+ 23. Kg1 Nxf2 24. Kxf2 Qh2+ 25. Kf1 Bxd4 26. Qxd4 Nxf3 27. Rxf3
Qh1+ 28. Kf2 Qxa1 29. Qf6 Rd7 30. Nxd6 Rb8 31. Nxc4 Qxa4 32. Qc3 Rdb7 33. Kg2
Rb3 34. Qc2 Rxb2 35. Qxb2 Rxb2+ 36. Nxb2 Qc2+ 37. Rf2 Qxe4+ 38. Kh2 Qxd5 39.
Rg2 g5 40. Rg1 Qd2+ 41. Rg2 Qd4 42. Re2 Kg7 43. Kg2 Kg6 44. Kf3 Qd5+ 45. Ke3
Qe5+ 46. Kf3 g4+ 47. Kf2 Qc3 0-1

[Event "Debrecen"]
[Site "Debrecen"]
[Date "1990.??.??"]
[Round "9"]
[White "Polgar, Zsuzsa"]
[Black "Adorjan, Andras"]
[Result "1/2-1/2"]
[WhiteElo "2500"]
[BlackElo "2520"]
[Annotator "Ftacnik,L"]
[PlyCount "47"]
[EventDate "1990.06.??"]
[EventType "tourn"]
[EventRounds "11"]
[EventCountry "HUN"]
[EventCategory "13"]
[Source "ChessBase"]
[SourceDate "1991.02.01"]
[WhiteTeamCountry "GER"]
[BlackTeamCountry "GER"]

1. d4 Nf6 2. c4 e6 3. Nc3 Bb4 4. f3 d5 5. a3 Be7 6. e4 c5 7. e5 Nfd7 8. cxd5
exd5 9. Nxd5 cxd4 10. Nxe7 Qxe7 11. f4 f6 12. Nf3 fxe5 13. Bc4 d3 14. b4 (14.
fxe5 Nxe5 15. Nxe5 Qxe5+ 16. Kd2 Rf8 $1 17. Qe1 Nc6 $15 {
Arencibia,W-Schneider/Cuba/1989/}) 14... e4 15. O-O Nc6 16. Re1 (16. Bxd3 $2
exf3 $1 17. Re1 Nde5 18. fxe5 O-O $15 {Shirov}) 16... Nf6 17. Bxd3 Bg4 $1 18.
Bxe4 $1 Nxe4 19. Qd5 Rd8 20. Qxe4 Bxf3 21. gxf3 Qxe4 22. fxe4 Nd4 23. Rf1 $8
O-O 24. Be3 {Ftacnik,L} (24. Be3 Nc2 25. Bc5 Nxa1 26. Bxf8 Rxf8 27. Rxa1 Rxf4
$10) 1/2-1/2

[Event "Debrecen"]
[Site "Debrecen"]
[Date "1990.??.??"]
[Round "10"]
[White "Adorjan, Andras"]
[Black "Horvath, Jozsef"]
[Result "1-0"]
[WhiteElo "2520"]
[BlackElo "2525"]
[Annotator "Ribli"]
[PlyCount "64"]
[EventDate "1990.06.??"]
[EventType "tourn"]
[EventRounds "11"]
[EventCountry "HUN"]
[EventCategory "13"]
[Source "ChessBase"]
[SourceDate "1991.02.01"]
[WhiteTeamCountry "GER"]
[BlackTeamCountry "GER"]

1. c4 c5 2. g3 g6 3. Bg2 Bg7 4. Nc3 Nc6 5. Nf3 Nf6 6. d4 cxd4 7. Nxd4 O-O 8.
O-O Qa5 9. e3 $5 (9. Nb3 Qh5 10. e3 Qxd1 11. Rxd1 d6 {
Jukic,M-Cebalo,M  Bern 1989  CBM/11}) 9... d6 10. Bd2 Bg4 $2 11. Nd5 $1 Bxd1
12. Bxa5 Nxa5 (12... Nxd5 13. Nxc6 bxc6 14. cxd5 $16) 13. Nxe7+ Kh8 14. Rfxd1
Rae8 15. Nd5 Nxc4 16. b3 Na5 17. Rac1 Rc8 18. Nb5 Nxd5 19. Bxd5 Be5 20. Nxa7
Ra8 21. Nb5 Nc6 22. a4 Rac8 23. f4 Bb2 24. Rc2 Bf6 25. Nxd6 Rc7 26. e4 Kg7 27.
a5 Ra8 28. Nxb7 Rxb7 29. Bxc6 Rc7 30. Bxa8 Rxc2 31. Rd7 Bc3 32. a6 Ra2 1-0

[Event "Debrecen"]
[Site "Debrecen"]
[Date "1990.??.??"]
[Round "11"]
[White "Hansen, Curt"]
[Black "Adorjan, Andras"]
[Result "1/2-1/2"]
[WhiteElo "2570"]
[BlackElo "2520"]
[PlyCount "37"]
[EventDate "1990.06.??"]
[EventType "tourn"]
[EventRounds "11"]
[EventCountry "HUN"]
[EventCategory "13"]
[Source "ChessBase"]
[SourceDate "1991.02.01"]
[WhiteTeamCountry "GER"]
[BlackTeamCountry "GER"]

1. d4 Nf6 2. c4 e6 3. Nf3 b6 4. g3 Ba6 5. b3 Bb4+ 6. Bd2 Be7 7. Bg2 c6 8. Bc3
d5 9. Nbd2 Nbd7 10. O-O O-O 11. Re1 c5 12. e4 dxe4 13. Ng5 cxd4 14. Bxd4 Bb7
15. Ndxe4 Qc7 16. Nxf6+ Bxf6 17. Bxb7 Qxb7 18. Bxf6 Nxf6 19. Qf3 1/2-1/2

[Event "Biel MTO op"]
[Site "Biel"]
[Date "1990.??.??"]
[Round "1"]
[White "Adorjan, Andras"]
[Black "Fejzullahu, Afrim"]
[Result "1/2-1/2"]
[WhiteElo "2505"]
[BlackElo "2280"]
[PlyCount "80"]
[EventDate "1990.07.??"]
[EventType "swiss"]
[EventRounds "11"]
[EventCountry "SUI"]
[Source "ChessBase"]
[SourceDate "1999.11.16"]
[WhiteTeamCountry "GER"]
[BlackTeamCountry "GER"]

1. d4 Nf6 2. Nf3 e6 3. c4 b6 4. g3 Bb7 5. Bg2 Be7 6. Nc3 d5 7. Qa4+ c6 8. cxd5
exd5 9. Ne5 O-O 10. O-O Re8 11. e4 dxe4 12. Nxe4 Nd5 13. Nc3 Bd6 14. Nxd5 cxd5
15. Nd3 Qd7 16. Qxd7 Nxd7 17. Bf4 Bxf4 18. Nxf4 Nf6 19. Rac1 Rac8 20. Rfd1 Kf8
21. h4 h6 22. a3 Ke7 23. Bh3 Rxc1 24. Rxc1 Kd6 25. Nd3 Rf8 26. f3 Ng8 27. Ne5
Ne7 28. Kf2 Nc6 29. Nxc6 Bxc6 30. Re1 Re8 31. Re3 Rxe3 32. Kxe3 Bd7 33. Bxd7
Kxd7 34. Kf4 Ke6 35. Kg4 g6 36. b3 a6 37. a4 b5 38. axb5 axb5 39. b4 f5+ 40.
Kf4 Kf6 1/2-1/2

[Event "Biel MTO op"]
[Site "Biel"]
[Date "1990.??.??"]
[Round "5"]
[White "Adorjan, Andras"]
[Black "Dzevlan, Miralem"]
[Result "1-0"]
[WhiteElo "2505"]
[BlackElo "2420"]
[PlyCount "73"]
[EventDate "1990.07.??"]
[EventType "swiss"]
[EventRounds "11"]
[EventCountry "SUI"]
[Source "ChessBase"]
[SourceDate "1999.11.16"]
[WhiteTeamCountry "GER"]
[BlackTeamCountry "GER"]

1. d4 Nf6 2. Nf3 g6 3. c4 Bg7 4. g3 d5 5. Bg2 O-O 6. O-O dxc4 7. Na3 c3 8. bxc3
c5 9. e3 Nc6 10. Qe2 Qa5 11. Bb2 Ne4 12. Rfc1 Rd8 13. Ne1 Nd6 14. Nd3 Qa6 15.
Qd1 cxd4 16. cxd4 Bf5 17. Nc5 Qb6 18. Qb3 Na5 19. Qxb6 axb6 20. Na4 b5 21. Nb6
Ra6 22. Nd5 Bf8 23. Nc7 Rb6 24. Bc3 Nac4 25. Bb4 Rc8 26. Bc5 Nxa3 27. Bxb6 Nac4
28. Nd5 e6 29. Nf6+ Kg7 30. Nd7 e5 31. dxe5 Ne8 32. e6 Ba3 33. Bxb7 Nxb6 34.
Bxc8 Nxc8 35. Rxc8 Nd6 36. Ra8 Bb2 37. Rd1 1-0

[Event "Biel MTO op"]
[Site "Biel"]
[Date "1990.??.??"]
[Round "6"]
[White "Gavrikov, Viktor"]
[Black "Adorjan, Andras"]
[Result "1-0"]
[WhiteElo "2580"]
[BlackElo "2505"]
[PlyCount "55"]
[EventDate "1990.07.??"]
[EventType "swiss"]
[EventRounds "11"]
[EventCountry "SUI"]
[Source "ChessBase"]
[SourceDate "1999.11.16"]
[WhiteTeamCountry "GER"]
[BlackTeamCountry "GER"]

1. e4 c5 2. Nf3 e6 3. d4 cxd4 4. Nxd4 Nf6 5. Nc3 d6 6. g4 h6 7. h4 Nc6 8. Rg1
h5 9. gxh5 Nxh5 10. Bg5 Nf6 11. Rg3 Be7 12. Qd2 Nxd4 13. Qxd4 Qb6 14. Bb5+ Kf8
15. Qxb6 axb6 16. O-O-O e5 17. Rgd3 Be6 18. f3 Rd8 19. Na4 Ra8 20. b3 Nh5 21.
Bxe7+ Kxe7 22. Rxd6 Nf4 23. Rxb6 Rxh4 24. Rxb7+ Kf6 25. Kb2 Rh2 26. Nb6 Rah8
27. a4 R8h3 28. Nd7+ 1-0

[Event "Biel MTO op"]
[Site "Biel"]
[Date "1990.??.??"]
[Round "7"]
[White "Adorjan, Andras"]
[Black "Vukic, Milan"]
[Result "1/2-1/2"]
[WhiteElo "2505"]
[BlackElo "2485"]
[PlyCount "41"]
[EventDate "1990.07.??"]
[EventType "swiss"]
[EventRounds "11"]
[EventCountry "SUI"]
[Source "ChessBase"]
[SourceDate "1999.11.16"]
[WhiteTeamCountry "GER"]
[BlackTeamCountry "GER"]

1. d4 Nf6 2. c4 g6 3. g3 Bg7 4. Bg2 O-O 5. Nf3 d6 6. O-O Nbd7 7. Nc3 e5 8. h3
Re8 9. b3 c6 10. e4 exd4 11. Nxd4 Nc5 12. Re1 a5 13. Rb1 h6 14. Re2 Bd7 15. Bf4
Qb6 16. Be3 Qc7 17. Qc2 Qc8 18. Kh2 Re5 19. f3 Rh5 20. h4 d5 21. exd5 1/2-1/2

[Event "Biel MTO op"]
[Site "Biel"]
[Date "1990.??.??"]
[Round "8"]
[White "Maeder, Karl Heinz"]
[Black "Adorjan, Andras"]
[Result "0-1"]
[WhiteElo "2375"]
[BlackElo "2505"]
[PlyCount "42"]
[EventDate "1990.07.??"]
[EventType "swiss"]
[EventRounds "11"]
[EventCountry "SUI"]
[Source "ChessBase"]
[SourceDate "1999.11.16"]
[WhiteTeamCountry "GER"]
[BlackTeamCountry "GER"]

1. e4 c5 2. Nf3 e6 3. d4 cxd4 4. Nxd4 Nf6 5. Nc3 d6 6. Be2 Be7 7. O-O O-O 8. f4
Qb6 9. Be3 Qxb2 10. Ncb5 Qb4 11. Nc7 Qc3 12. Nxa8 Qxe3+ 13. Kh1 Nxe4 14. Qd3
Nf2+ 15. Rxf2 Qxf2 16. Rf1 Qh4 17. g3 Qf6 18. Bf3 Na6 19. Nb5 Bd7 20. Nac7 Nc5
21. Qd2 Rc8 0-1

[Event "Biel MTO op"]
[Site "Biel"]
[Date "1990.??.??"]
[Round "10"]
[White "Panzalovic, Srdjan"]
[Black "Adorjan, Andras"]
[Result "1/2-1/2"]
[WhiteElo "2335"]
[BlackElo "2505"]
[PlyCount "30"]
[EventDate "1990.07.??"]
[EventType "swiss"]
[EventRounds "11"]
[EventCountry "SUI"]
[Source "ChessBase"]
[SourceDate "1999.11.16"]
[WhiteTeamCountry "GER"]
[BlackTeamCountry "GER"]

1. Nf3 c5 2. c4 Nf6 3. Nc3 e6 4. g3 b6 5. Bg2 Bb7 6. O-O d6 7. d4 cxd4 8. Qxd4
a6 9. Rd1 Be7 10. e4 Nbd7 11. b3 Nc5 12. e5 dxe5 13. Qxe5 Qc8 14. Bf4 Ncd7 15.
Qe2 O-O 1/2-1/2

[Event "Biel MTO op"]
[Site "Biel"]
[Date "1990.??.??"]
[Round "11"]
[White "Adorjan, Andras"]
[Black "Rogers, Ian"]
[Result "1/2-1/2"]
[WhiteElo "2505"]
[BlackElo "2535"]
[PlyCount "48"]
[EventDate "1990.07.??"]
[EventType "swiss"]
[EventRounds "11"]
[EventCountry "SUI"]
[Source "ChessBase"]
[SourceDate "1999.11.16"]
[WhiteTeamCountry "GER"]
[BlackTeamCountry "GER"]

1. d4 g6 2. Nf3 Bg7 3. c4 d6 4. Nc3 Nd7 5. g3 e6 6. Bg2 Ne7 7. O-O a6 8. b3 Rb8
9. a4 a5 10. Nb5 b6 11. Ba3 O-O 12. Rc1 e5 13. e3 Bb7 14. dxe5 Nxe5 15. Nxe5
Bxe5 16. Bxb7 Rxb7 17. Qf3 Rb8 18. Rfd1 Qc8 19. Kg2 h5 20. Qe4 Re8 21. Na7 Qa6
22. Nb5 Qc8 23. Na7 Qa6 24. Nb5 Qc8 1/2-1/2

[Event "Balassagyarmat"]
[Site "Balassagyarmat"]
[Date "1990.??.??"]
[Round "1"]
[White "Adorjan, Andras"]
[Black "Tseshkovsky, Vitaly"]
[Result "1/2-1/2"]
[WhiteElo "2520"]
[BlackElo "2490"]
[PlyCount "49"]
[EventDate "1990.09.??"]
[EventType "tourn"]
[EventRounds "11"]
[EventCountry "HUN"]
[EventCategory "10"]
[Source "ChessBase"]
[SourceDate "1996.11.15"]
[WhiteTeamCountry "GER"]
[BlackTeamCountry "GER"]

1. d4 d6 2. Nf3 Nf6 3. c4 c6 4. g3 g6 5. Bg2 Bg7 6. O-O O-O 7. b3 Qa5 8. Bb2
Qh5 9. Nbd2 Bg4 10. Re1 Nbd7 11. Nh4 g5 12. Nhf3 h6 13. Qc2 Bh3 14. e4 Ng4 15.
Nf1 Rac8 16. Rad1 Rfd8 17. Qe2 c5 18. Rd2 Nf8 19. e5 cxd4 20. Nxd4 e6 21. exd6
Rxd6 22. Red1 Bxg2 23. Kxg2 Nf6 24. Qxh5 Nxh5 25. Nb5 1/2-1/2

[Event "Balassagyarmat"]
[Site "Balassagyarmat"]
[Date "1990.??.??"]
[Round "2"]
[White "Roeder, Mathias"]
[Black "Adorjan, Andras"]
[Result "1/2-1/2"]
[WhiteElo "2450"]
[BlackElo "2520"]
[PlyCount "38"]
[EventDate "1990.09.??"]
[EventType "tourn"]
[EventRounds "11"]
[EventCountry "HUN"]
[EventCategory "10"]
[Source "ChessBase"]
[SourceDate "1996.11.15"]
[WhiteTeamCountry "GER"]
[BlackTeamCountry "GER"]

1. d4 Nf6 2. c4 e6 3. Nf3 b6 4. Nc3 Bb7 5. a3 d5 6. cxd5 Nxd5 7. Qc2 Nxc3 8.
Qxc3 h6 9. Bf4 Bd6 10. Bg3 O-O 11. e3 Nd7 12. Bb5 Bxg3 13. hxg3 c6 14. Ba4 Rc8
15. Rd1 Nf6 16. O-O Qc7 17. Rc1 Rfd8 18. Rfd1 Ne4 19. Qe1 Qe7 1/2-1/2

[Event "Balassagyarmat"]
[Site "Balassagyarmat"]
[Date "1990.??.??"]
[Round "4"]
[White "Meister, Peter"]
[Black "Adorjan, Andras"]
[Result "0-1"]
[WhiteElo "2420"]
[BlackElo "2520"]
[PlyCount "84"]
[EventDate "1990.09.??"]
[EventType "tourn"]
[EventRounds "11"]
[EventCountry "HUN"]
[EventCategory "10"]
[Source "ChessBase"]
[SourceDate "1996.11.15"]
[WhiteTeamCountry "GER"]
[BlackTeamCountry "GER"]

1. d4 Nf6 2. c4 e6 3. Nf3 b6 4. g3 Ba6 5. Qb3 Nc6 6. Nbd2 Na5 7. Qa4 Bb7 8. Bh3
Rc8 9. O-O c5 10. dxc5 Bxc5 11. b4 Bc6 12. Qa3 Bxf3 13. exf3 Be7 14. c5 Nc6 15.
Nb3 O-O 16. b5 Ne5 17. Qxa7 bxc5 18. f4 Nd3 19. Qa5 Nd5 20. Qxd8 Rfxd8 21. Be3
Bf6 22. Rad1 c4 23. Nd4 Rb8 24. Rd2 Nxe3 25. fxe3 Bxd4 26. exd4 Rxb5 27. f5 Rc8
28. a4 Ra5 29. Rb1 exf5 30. Rc2 Rxa4 31. Bxf5 Rb4 32. Rd1 Nb2 33. Re1 Kf8 34.
Bxd7 Rd8 35. Bc6 Nd3 36. Ra1 Rxd4 37. Re2 g6 38. Ra8+ Kg7 39. Re7 Rb1+ 40. Kg2
Rb2+ 41. Kf3 c3 42. Raa7 Kh6 0-1

[Event "Balassagyarmat"]
[Site "Balassagyarmat"]
[Date "1990.??.??"]
[Round "5"]
[White "Adorjan, Andras"]
[Black "Luther, Thomas"]
[Result "1/2-1/2"]
[WhiteElo "2520"]
[BlackElo "2405"]
[PlyCount "57"]
[EventDate "1990.09.??"]
[EventType "tourn"]
[EventRounds "11"]
[EventCountry "HUN"]
[EventCategory "10"]
[Source "ChessBase"]
[SourceDate "1996.11.15"]
[WhiteTeamCountry "GER"]
[BlackTeamCountry "GER"]

1. c4 e6 2. Nf3 Nf6 3. d4 d5 4. Nc3 c5 5. cxd5 Nxd5 6. e4 Nxc3 7. bxc3 cxd4 8.
cxd4 Nc6 9. Bc4 b5 10. Be2 Bb4+ 11. Bd2 Qa5 12. d5 exd5 13. exd5 Ne7 14. O-O
Bxd2 15. Nxd2 O-O 16. Nb3 Qb6 17. d6 Nc6 18. Rc1 Be6 19. Bf3 Bc4 20. Bxc6 Rad8
21. Qd4 Qxc6 22. Rfd1 Rfe8 23. Na5 Qb6 24. Qxb6 axb6 25. Nxc4 bxc4 26. d7 Re2
27. a4 Kf8 28. Kf1 Re7 29. Rxc4 1/2-1/2

[Event "Balassagyarmat"]
[Site "Balassagyarmat"]
[Date "1990.??.??"]
[Round "7"]
[White "Adorjan, Andras"]
[Black "Stangl, Markus"]
[Result "1-0"]
[WhiteElo "2520"]
[BlackElo "2405"]
[PlyCount "123"]
[EventDate "1990.09.??"]
[EventType "tourn"]
[EventRounds "11"]
[EventCountry "HUN"]
[EventCategory "10"]
[Source "ChessBase"]
[SourceDate "1996.11.15"]
[WhiteTeamCountry "GER"]
[BlackTeamCountry "GER"]

1. c4 g6 2. d4 Bg7 3. Nf3 d6 4. Nc3 Bg4 5. g3 Bxf3 6. exf3 c6 7. Bg2 Nf6 8. d5
cxd5 9. cxd5 Nbd7 10. Be3 O-O 11. O-O a6 12. Re1 Rc8 13. Bd4 b5 14. f4 Nb6 15.
a4 Rc4 16. axb5 Rxd4 17. Qxd4 Nfxd5 18. Qd3 Nxc3 19. bxa6 Nca4 20. a7 Qd7 21.
Qa6 d5 22. Rxa4 Qxa4 23. Qxa4 Nxa4 24. Rxe7 Nb6 25. Rb7 Bd4 26. Rb8 Na8 27. Rb7
Nb6 28. b4 Kg7 29. Rb8 Na8 30. Bxd5 Bxa7 31. Rxa8 Rxa8 32. Bxa8 Kf6 33. Bd5 Ke7
34. Kf1 Bb6 35. Ke2 Ba7 36. Ba2 Bb6 37. Bb3 Ba7 38. h3 Bb6 39. Bd5 Ba7 40. Ba2
Bb6 41. Bb1 Ke6 42. g4 h6 43. b5 g5 44. Ba2+ Ke7 45. fxg5 hxg5 46. f4 f6 47.
Kd3 Kd6 48. Bf7 Ba5 49. Ke4 Bb6 50. Be8 Ba5 51. Kf5 Bd8 52. Bc6 Kc5 53. Ke6 Kb6
54. Kd6 Bc7+ 55. Ke7 Bxf4 56. Kxf6 Kc7 57. Bf3 Be3 58. Kg6 Kd6 59. Kh5 Ke5 60.
h4 gxh4 61. Kxh4 Ke6 62. Kh5 1-0

[Event "Balassagyarmat"]
[Site "Balassagyarmat"]
[Date "1990.??.??"]
[Round "8"]
[White "Loginov, Valery"]
[Black "Adorjan, Andras"]
[Result "0-1"]
[WhiteElo "2505"]
[BlackElo "2520"]
[PlyCount "88"]
[EventDate "1990.09.??"]
[EventType "tourn"]
[EventRounds "11"]
[EventCountry "HUN"]
[EventCategory "10"]
[Source "ChessBase"]
[SourceDate "1996.11.15"]
[WhiteTeamCountry "GER"]
[BlackTeamCountry "GER"]

1. Nf3 c5 2. g3 b6 3. Bg2 Bb7 4. O-O g6 5. d3 Bg7 6. e4 d6 7. c3 Nf6 8. Nbd2
O-O 9. Re1 e5 10. d4 exd4 11. cxd4 cxd4 12. Nxd4 Na6 13. Nf1 Qd7 14. f3 Rfe8
15. a4 Nc7 16. Ra3 Rad8 17. b4 Nh5 18. Rae3 b5 19. a5 Na6 20. Ba3 Rc8 21. Rd3
d5 22. Ne2 Bf8 23. Qd2 Qc7 24. Rc1 Qd6 25. Rxc8 Rxc8 26. Ne3 Qe5 27. Nxd5 Bxd5
28. exd5 Nxb4 29. Bb2 Qf5 30. Rc3 Qb1+ 31. Bf1 Rd8 32. Rc1 Qd3 33. Qe1 Qe3+ 34.
Qf2 Qxf2+ 35. Kxf2 Nd3+ 36. Ke3 Nxb2 37. Nc3 Bc5+ 38. Kd2 Na4 39. Bxb5 Nxc3 40.
Kxc3 Rxd5 41. Kc4 Be3 42. Re1 Rc5+ 43. Kb4 Bd2+ 44. Kxc5 Bxe1 0-1

[Event "Balassagyarmat"]
[Site "Balassagyarmat"]
[Date "1990.??.??"]
[Round "9"]
[White "Adorjan, Andras"]
[Black "Moskalenko, Viktor"]
[Result "1/2-1/2"]
[WhiteElo "2520"]
[BlackElo "2525"]
[PlyCount "28"]
[EventDate "1990.09.??"]
[EventType "tourn"]
[EventRounds "11"]
[EventCountry "HUN"]
[EventCategory "10"]
[Source "ChessBase"]
[SourceDate "1996.11.15"]
[WhiteTeamCountry "GER"]
[BlackTeamCountry "GER"]

1. c4 e6 2. d4 f5 3. g3 Nf6 4. Bg2 c6 5. Nf3 d5 6. O-O Bd6 7. b3 Qe7 8. Bb2 O-O
9. Nbd2 Nbd7 10. Ne5 a5 11. a3 Ne4 12. Ndf3 Nxe5 13. Nxe5 Bxe5 14. dxe5 b6
1/2-1/2